000 00794nam a2200217 i 4500
001 66990
003 ES-MaACL
005 20230906165924.0
007 t|
008 040428s2002 ag ||||1| spa d
020 _a987-500-072-8
080 _a32(82)
245 0 3 _aLa política en discusión /
_cHoracio Fazio (coord.) ; [autores] Gerardo Adrogué ... [et al.].
260 _aBuenos Aires :
_bFLACSO,
_c[2002]
300 _a349 p. ;
_c23 cm.
500 _aRecoge el contenido del Seminario "Perspectivas y expectativas de cambio político en Argentina" desarrollado por FLACSO de abril a agosto de 2001.
651 4 _aArgentina-
_xPolítica y gobierno-
_yS.XX.
_97818
700 1 _aFazio, Horacio.
_949032
700 1 _aAdrogué, Gerardo.
_918484
852 _aES-MaACL
_jL-27469
_bR.133315
999 _c66990
_d66990